Long-distance flyovers #3 - Statistics

General Stats
  • This quiz has been taken 16 times
  • The average score is 8 of 11
Answer Stats
Country % Correct
Argentina
93%
Argentina
93%
Chile
93%
Chile
93%
Bolivia
79%
Brazil
79%
Canada
79%
Venezuela
79%
Canada
50%
Greenland
43%
Puerto Rico
14%
No matching quizzes found
Score Distribution
Percent of People with Each Score
Percentile by Number Answered
Your Score History
You have not taken this quiz